[Event "Ch Latvia (w)"]
[Site "Riga (Latvia)"]
[Date "2021.09.22"]
[Round "6.3"]
[White "Parhomenko Margarita (LAT)"]
[Black "Kazmerika Anna (LAT)"]
[Result "1-0"]
[WhiteElo "1935"]
[BlackElo "1851"]
[Annotator ""]
[Source ""]
[Remark ""]

1.c4 e6 2.Nc3 d5 3.d4 Nf6 4.e3 Be7 5.Nf3 O-O 6.Bd3 b6 7.O-O Bb7
8.cxd5 Nxd5 9.e4 Nb4 10.Bc4 c5 11.a3 cxd4 12.Nxd4 N4c6 13.Nf3
Nd7 14.Bf4 Bf6 15.Rc1 Rc8 16.Qe2 Nde5 17.Nxe5 Nxe5 18.Ba6 Qe7
19.Bxb7 Qxb7 20.Nb5 Qe7 21.Bd2 Nc6 22.e5 Bxe5 23.Rxc6 Rxc6 24.Qxe5
Rc5 25.Qe2 Qd7 26.Nc3 Rd8 27.Be3 Rcc8 28.Qg4 e5 29.Qg3 Qe6 30.Re1
Rd3 31.Qf3 Rcd8 32.Qb7 R3d7 33.Qa6 Qb3 34.Bc1 f6 35.h3 Qc2 36.Qc4+
Kh8 37.Qe2 Qb3 38.Be3 Kg8 39.Kh2 Rd3 40.h4 h6 41.g3 Qf7 42.Qg4
Kh8 43.Qf5 Qb3 44.Ne4 Qf7 45.h5 R3d7 46.Rc1 Qb3 47.Rc6 Rf7 48.Qg6
Rdf8 49.Bxh6 Qf3 50.Bxg7+ Rxg7 51.Qh6+ Kg8 52.Nxf6+ Rxf6 53.Rxf6
Qe2 54.Rf5 e4 55.Qf4 Qxb2 56.Rf8+ 1-0

[Event "Ch Latvia (w)"]
[Site "Riga (Latvia)"]
[Date "2021.09.22"]
[Round "6.5"]
[White "Gordievich Larisa (LAT)"]
[Black "Maklakova Nellija (LAT)"]
[Result "0-1"]
[WhiteElo "1740"]
[BlackElo "1816"]
[Annotator ""]
[Source ""]
[Remark ""]

1.Nf3 g6 2.d4 Bg7 3.c4 c5 4.e3 Nf6 5.Nc3 O-O 6.Bd3 b6 7.O-O Bb7
8.d5 d6 9.Rb1 Nbd7 10.b3 Ng4 11.Bb2 a6 12.a4 e5 13.dxe6 fxe6
14.Be4 d5 15.cxd5 Ndf6 16.Ng5 exd5 17.Ne6 Qc8 18.g3 dxe4 19.Nxf8
Qxf8 20.Ne2 Re8 21.Nf4 g5 22.Nh5 Ne5 23.Bxe5 Rxe5 24.Nxf6+ Qxf6
25.Qd7 Bc6 26.Qc7 Bd5 27.b4 Bc4 28.Rfd1 Bd3 29.bxc5 bxc5 30.Rb6
Qe7 31.Qb8+ Qf8 32.Qc7 c4 33.Rxa6 Re8 34.Rb6 Rc8 35.Qb7 c3 36.a5
c2 37.Rc1 Rd8 38.Qc7 Kh8 39.Rb7 Bc4 40.f4 Rd1+ 41.Kf2 Rxc1 42.Qxc4
Qd8 43.Rc7 Qd2+ 44.Qe2 Bc3 45.Qxd2 Bxd2 46.a6 Be1+ 47.Ke2 gxf4
48.exf4 Ba5 49.Rc8+ Kg7 50.a7 Re1+ 51.Kf2 Ra1 52.a8Q Bb6+ 53.Ke2
Rxa8 54.Rxc2 Ra6 55.Rb2 Kf6 56.Rb4 Kf5 57.Rb5+ Kf6 58.Rb4 e3
59.Rb2 Kf5 60.Kf3 Ke6 61.Rb5 Kd6 62.f5 Bc5 63.Rb2 Kd5 64.Re2
Ra1 65.Kg2 Ke5 66.g4 Rd1 67.Kg3 Rg1+ 68.Kf3 Rf1+ 69.Kg3 Ke4 70.Kg2
Rf2+ 71.Rxf2 exf2 72.f6 Ke3 73.Kf1 Bd4 74.f7 Bg7 75.h4 h6 76.g5
h5 77.g6 Bf8 78.g7 Bxg7 79.Kg2 Ke2 0-1

[Event "Ch Latvia (w)"]
[Site "Riga (Latvia)"]
[Date "2021.09.22"]
[Round "6.6"]
[White "Golsta Ramona (LAT)"]
[Black "Paune Inese (LAT)"]
[Result "1-0"]
[WhiteElo "1738"]
[BlackElo "1405"]
[Annotator ""]
[Source ""]
[Remark ""]

1.d4 Nf6 2.Nf3 e6 3.Bg5 h6 4.Bh4 d5 5.e3 Be7 6.Nbd2 Nbd7 7.Bd3
c5 8.c3 b6 9.O-O Bb7 10.Ne5 c4 11.Bc2 b5 12.f4 Ne4 13.Bxe7 Qxe7
14.Nxe4 dxe4 15.Qb1 Nf6 16.f5 Bd5 17.fxe6 Qxe6 18.a4 Nd7 19.Nxd7
Qxd7 20.axb5 O-O 21.Bxe4 Qxb5 22.Bxd5 Qxd5 23.e4 Qb7 24.Ra4 Qc6
25.Qc2 Rfb8 26.Rfa1 a6 27.Qe2 Re8 28.Rxc4 Qb5 29.Re1 Rxe4 30.Qxe4 1-0

[Event "Ch Latvia (w)"]
[Site "Riga (Latvia)"]
[Date "2021.09.22"]
[Round "6.7"]
[White "Jansone Melanija Luize (LAT)"]
[Black "Osobskaja Zinaida (LAT)"]
[Result "1-0"]
[WhiteElo "1413"]
[BlackElo "1688"]
[Annotator ""]
[Source ""]
[Remark ""]

1.e4 e6 2.Nf3 d5 3.Nc3 d4 4.Ne2 c5 5.c3 dxc3 6.Nxc3 Nc6 7.Bc4
a6 8.a4 Nf6 9.O-O Bd6 10.Qe2 Ne5 11.Nxe5 Bxe5 12.f4 Bd4+ 13.Kh1
O-O 14.Qf3 Bd7 15.d3 Bc6 16.Ne2 b5 17.Nxd4 Qxd4 18.Be3 Qd7 19.axb5
axb5 20.Bb3 c4 21.dxc4 Bxe4 22.Qg3 Rab8 23.c5 Qc6 24.Bd4 Bg6
25.Rad1 Rbd8 26.h3 Rd7 27.Qc3 Ne4 28.Qe3 Rfd8 29.Kh2 h5 30.Rfe1
Kf8 31.Bc2 Nxc5 32.Bxc5+ 1-0

[Event "Ch Latvia (w)"]
[Site "Riga (Latvia)"]
[Date "2021.09.22"]
[Round "6.8"]
[White "Dombrovska Stefanija (LAT)"]
[Black "Zubova Darja (LAT)"]
[Result "1/2-1/2"]
[WhiteElo "1544"]
[BlackElo "1364"]
[Annotator ""]
[Source ""]
[Remark ""]

1.d4 d5 2.Bf4 c5 3.c3 Nc6 4.Nf3 Nf6 5.e3 e6 6.Nbd2 Bd6 7.Ne5
Qc7 8.Bb5 O-O 9.Bxc6 bxc6 10.O-O cxd4 11.cxd4 Ba6 12.Re1 Rac8
13.Rc1 Qb7 14.Qc2 c5 15.dxc5 Bxc5 16.Qb3 Qxb3 17.Nxb3 Bb6 18.h3
Rfd8 19.g4 Ne4 20.f3 Nc5 21.Nxc5 Bxc5 22.a3 f6 23.b4 fxe5 24.Bg5
Bxb4 25.axb4 Rxc1 26.Rxc1 Rb8 27.Be7 Bc4 28.Bd6 Rb7 29.Ra1 a6
30.Kf2 Kf7 31.Ra5 Kf6 32.h4 h6 33.f4 exf4 34.exf4 Rd7 35.Be5+
Kf7 36.Ke3 Bb5 37.Ra1 Bc4 38.Kd4 Rb7 39.Bd6 Rd7 40.Bc5 Rb7 41.Ra3
Kf6 42.Re3 Rd7 43.Re5 Kf7 44.f5 exf5 45.Rxf5+ Kg8 46.Rf8+ Kh7
47.h5 g6 48.Rf6 Rg7 49.Bf8 Rg8 50.Rf7+ Kh8 51.Bxh6 gxh5 52.gxh5
Rg4+ 53.Rf4 Be2 54.Kxd5 Rxf4 55.Bxf4 Bxh5 56.Kc5 Be2 57.Be5+
Kg8 58.Kb6 Bb5 1/2-1/2

[Event "Ch Latvia (w)"]
[Site "Riga (Latvia)"]
[Date "2021.09.22"]
[Round "6.9"]
[White "Krasilnikova Marija (LAT)"]
[Black "Parhomenko Anastasija (LAT)"]
[Result "1-0"]
[WhiteElo "1201"]
[BlackElo "1501"]
[Annotator ""]
[Source ""]
[Remark ""]

1.e4 c5 2.Nf3 e6 3.d4 d5 4.exd5 exd5 5.Bb5+ Bd7 6.Bxd7+ Nxd7
7.O-O Ngf6 8.Nc3 Be7 9.Bf4 a6 10.Re1 O-O 11.h3 cxd4 12.Nxd4 Bc5
13.Rb1 Ne4 14.Nxd5 Ndf6 15.Nxf6+ Nxf6 16.Nf3 Qa5 17.a3 Rad8 18.Qc1
Qa4 19.Be3 Bxe3 20.Rxe3 Nd5 21.Re1 Rc8 22.c3 Qb3 23.Nd4 Qb6 24.Qg5
f5 25.Ne6 Rf7 26.Rbd1 h6 27.Qd2 Nf6 28.Nd4 Ne4 29.Qc2 Qg6 30.Nf3
Qb6 31.Ne5 Re7 32.Nf3 g5 33.Nd4 Rf7 34.Qb3 Qg6 35.Qe6 Qxe6 36.Nxe6
Re7 37.Nd4 Rf7 38.Nxf5 Rxf5 39.Rxe4 Rc7 40.Red4 Rff7 41.Rd6 Rfe7
42.Rxh6 Re2 43.Rb6 Rf7 44.f3 Rfe7 45.Kf1 Kf7 46.Rb4 Rc2 47.Re1
Rd7 48.Re2 Rd1+ 49.Kf2 Rcd2 50.Kg3 Rd5 51.h4 gxh4+ 52.Rxh4 Kf6
53.Rf4+ Kg5 54.Rg4+ Kf6 55.Ree4 R1d2 56.Rb4 Re2 57.Rb6+ Kf5 58.Rbb4
Red2 59.Rbd4 R5xd4 60.Rxd4 Rxb2 61.Rb4 Rc2 62.c4 Rc3 63.a4 b6
64.Rxb6 Rxc4 65.Rxa6 Rc3 66.a5 Ke5 67.Ra8 Kd6 68.Kg4 Kc7 69.a6
Ra3 70.f4 Kd7 71.f5 Ke7 72.a7 Kf7 73.Kf4 Ra4+ 74.Kg5 Kg7 75.f6+
Kf7 76.Rh8 Ra5+ 77.Kh6 1-0

[Event "Ch Latvia (w)"]
[Site "Riga (Latvia)"]
[Date "2021.09.22"]
[Round "6.10"]
[White "Maklakova Naomi (LAT)"]
[Black "Maklakova Dafne (LAT)"]
[Result "1-0"]
[WhiteElo "1416"]
[BlackElo "1021"]
[Annotator ""]
[Source ""]
[Remark ""]

1.d4 d5 2.Nf3 Nf6 3.Bf4 Bf5 4.e3 e6 5.Bd3 Ne4 6.Nbd2 Nd7 7.Bg3
Bd6 8.Nh4 Qf6 9.Nxf5 exf5 10.Nf3 O-O 11.O-O Nxg3 12.hxg3 c5 13.c4
Nb6 14.cxd5 Nxd5 15.Rc1 b6 16.e4 fxe4 17.Bxe4 Qe6 18.Ng5 Qf6
19.Bxd5 Qxg5 20.Bxa8 Rxa8 21.Qf3 Rf8 22.d5 h6 23.Rcd1 h5 24.Rfe1
h4 25.gxh4 Qxh4 26.g3 Qh3 27.Re4 Qd7 28.Rde1 Qb5 29.b3 a5 30.Rh4
g6 31.Qf6 1-0

[Event "Ch Latvia (w)"]
[Site "Riga (Latvia)"]
[Date "2021.09.22"]
[Round "6.11"]
[White "Guminskaya Daria (LAT)"]
[Black "Tolmaceva Alona (LAT)"]
[Result "0-1"]
[WhiteElo "1174"]
[BlackElo "1049"]
[Annotator ""]
[Source ""]
[Remark ""]

1.e4 c5 2.Nf3 d6 3.d4 cxd4 4.Nxd4 Nf6 5.Nc3 a6 6.f3 e5 7.Nb3
Be6 8.Be3 Be7 9.Qd2 O-O 10.O-O-O a5 11.a4 Nc6 12.g4 Nb4 13.g5
Nh5 14.h4 Rc8 15.Kb1 Ng3 16.Rg1 Nxf1 17.Rdxf1 d5 18.exd5 Nxd5
19.Nxd5 Bxd5 20.Qh2 Bxb3 21.cxb3 Qd3+ 22.Ka2 Qxe3 23.Qg3 b5 24.h5
bxa4 25.bxa4 Rc4 26.g6 Rxa4+ 27.Kb1 Qd3+ 28.Kc1 Rc8# 0-1

[Event "Ch Latvia (w)"]
[Site "Riga (Latvia)"]
[Date "2021.09.22"]
[Round "6.12"]
[White "Zalcmane Vija (LAT)"]
[Black "Plauca Lelde (LAT)"]
[Result "1-0"]
[WhiteElo "1384"]
[BlackElo "1021"]
[Annotator ""]
[Source ""]
[Remark ""]

1.c4 e5 2.Nc3 Nf6 3.g3 Bc5 4.Bg2 d6 5.d3 h6 6.Nf3 Be6 7.O-O Nc6
8.h3 O-O 9.a3 a5 10.e3 Qd7 11.Kh2 Rfe8 12.Qc2 Rab8 13.Rd1 Ne7
14.Na4 Ba7 15.b4 axb4 16.axb4 c6 17.Nc3 Bb6 18.Bb2 Ng6 19.Ne4
Nxe4 20.dxe4 Bc7 21.Nxe5 Nxe5 22.Bxe5 Qe7 23.Bb2 c5 24.b5 b6
25.Ra7 Rbc8 26.e5 Qf8 27.exd6 Bxd6 28.Bd5 Rc7 29.Ra6 Bxd5 30.Rxd5
Rb7 31.Ra1 Rd8 32.Rad1 Rbd7 33.Qf5 Qe7 34.Qg4 g6 35.Qf3 h5 36.Bf6
Qe8 37.Bxd8 Qxd8 38.e4 Bxg3+ 39.Qxg3 Rxd5 40.Rxd5 1-0

[Event "Ch Latvia (w)"]
[Site "Riga (Latvia)"]
[Date "2021.09.23"]
[Round "7.1"]
[White "Rogule Laura (LAT)"]
[Black "Ungure Liga (LAT)"]
[Result "1-0"]
[WhiteElo "2286"]
[BlackElo "1194"]
[Annotator ""]
[Source ""]
[Remark ""]

1.e4 c5 2.Nf3 e6 3.d4 cxd4 4.Nxd4 Nc6 5.Nc3 Qc7 6.Be3 a6 7.Qd2
Nf6 8.f3 Be7 9.g4 Nxd4 10.Qxd4 d6 11.g5 Nh5 12.f4 e5 13.fxe5
dxe5 14.Nd5 Qd6 15.Qc3 O-O 16.O-O-O Be6 17.Nf6+ gxf6 18.Rxd6
Bxd6 19.Be2 Nf4 20.Bxf4 exf4 21.gxf6 Rfc8 22.Qf3 Be5 23.Qg2+
Kf8 24.Qg7+ Ke8 25.Rd1 1-0

[Event "Ch Latvia (w)"]
[Site "Riga (Latvia)"]
[Date "2021.09.23"]
[Round "7.2"]
[White "Parhomenko Margarita (LAT)"]
[Black "Golsta Madara (LAT)"]
[Result "1/2-1/2"]
[WhiteElo "1935"]
[BlackElo "1967"]
[Annotator ""]
[Source ""]
[Remark ""]

1.c4 c5 2.Nc3 g6 3.g3 Bg7 4.Bg2 Nc6 5.Nf3 d6 6.O-O e6 7.e3 Nge7
8.d4 cxd4 9.Nxd4 Nxd4 10.exd4 O-O 11.d5 e5 12.Qb3 b6 13.Qb4 a5
14.Qb3 Ba6 15.Be3 Rb8 16.Bh3 h6 17.Nb5 Bxb5 18.Qxb5 g5 19.f4
exf4 20.gxf4 Ng6 21.fxg5 hxg5 22.Qd7 Qxd7 23.Bxd7 Ne5 24.Bb5
g4 25.Rab1 Nf3+ 26.Kh1 Be5 27.Bd7 f5 28.h3 Rb7 29.Be6+ Kh8 30.hxg4
fxg4 31.Kg2 Nh4+ 32.Kg1 Nf3+ 33.Kg2 Rh7 34.Rh1 Nh4+ 35.Kg1 g3
36.Rh3 Kg7 37.Rf1 Nf3+ 38.Kg2 Rxh3 39.Bxh3 Nh4+ 40.Kg1 Rxf1+
41.Kxf1 Bxb2 42.a4 Kf6 43.Bxb6 Ke5 44.Bxa5 g2+ 45.Bxg2 Nxg2 46.Kxg2
Kd4 47.Bc7 Kxc4 48.a5 Kxd5 49.Bxd6 1/2-1/2

[Event "Ch Latvia (w)"]
[Site "Riga (Latvia)"]
[Date "2021.09.23"]
[Round "7.3"]
[White "Maklakova Nellija (LAT)"]
[Black "Ter-Avetisjana Agnesa Stepania (LAT)"]
[Result "0-1"]
[WhiteElo "1816"]
[BlackElo "1872"]
[Annotator ""]
[Source ""]
[Remark ""]

1.c4 c6 2.d4 d5 3.e3 Nf6 4.Nc3 e6 5.Nf3 Nbd7 6.Bd3 dxc4 7.Bxc4
b5 8.Bd3 Bb7 9.O-O b4 10.Na4 c5 11.dxc5 Bxc5 12.Nxc5 Nxc5 13.Bb5+
Ke7 14.Qd4 Qb6 15.Be2 Rhd8 16.Qh4 Nce4 17.Nd4 g5 18.Qh6 Rd5 19.f3
Nd6 20.f4 g4 21.Qh4 Rg8 22.Qe1 h5 23.a3 Rxd4 24.exd4 Qc6 25.Rf2
Nfe4 26.Be3 Nxf2 27.Qxf2 Nf5 28.Rc1 Qe4 29.Bd2 bxa3 30.Bb4+ Kf6
31.bxa3 g3 32.hxg3 Rxg3 33.Bf1 h4 34.Rc5 Bd5 35.Rc2 h3 36.Re2
Qxd4 37.Qxd4+ Nxd4 38.Rf2 Nf3+ 39.Kh1 Nh4 40.Kg1 Bxg2 41.Kh2
Rf3 42.Rxg2 hxg2 43.Be2 Re3 44.Bg4 g1Q+ 0-1

[Event "Ch Latvia (w)"]
[Site "Riga (Latvia)"]
[Date "2021.09.23"]
[Round "7.4"]
[White "Kazmerika Anna (LAT)"]
[Black "Jansone Melanija Luize (LAT)"]
[Result "1-0"]
[WhiteElo "1851"]
[BlackElo "1413"]
[Annotator ""]
[Source ""]
[Remark ""]

1.d4 Nf6 2.Bf4 g6 3.Nf3 Bg7 4.e3 d6 5.h3 Nbd7 6.Be2 c5 7.c4 a6
8.Nc3 O-O 9.O-O Re8 10.Re1 cxd4 11.exd4 b6 12.Rc1 Bb7 13.Qc2
Rc8 14.Qb3 Ba8 15.a3 Nh5 16.Be3 Qc7 17.Ng5 Nhf6 18.c5 d5 19.Bxa6
Rb8 20.c6 Qa7 21.cxd7 Nxd7 22.Bb5 1-0

[Event "Ch Latvia (w)"]
[Site "Riga (Latvia)"]
[Date "2021.09.23"]
[Round "7.5"]
[White "Krasilnikova Marija (LAT)"]
[Black "Kuznecova Marija (LAT)"]
[Result "0-1"]
[WhiteElo "1201"]
[BlackElo "1793"]
[Annotator ""]
[Source ""]
[Remark ""]

1.d4 Nf6 2.Bf4 c5 3.e3 d5 4.c3 Nc6 5.Nf3 Qb6 6.Qc1 cxd4 7.exd4
Bf5 8.Be2 h6 9.h3 e6 10.O-O Rc8 11.Rd1 Be7 12.Bd3 Ne4 13.Bc2
O-O 14.Nbd2 f6 15.Qb1 e5 16.Be3 Nxd2 17.Rxd2 e4 18.Ne1 Bh7 19.f3
f5 20.Bb3 f4 21.Bxd5+ Kh8 22.Bxf4 Rxf4 23.Bxe4 Bxe4 24.fxe4 Rcf8
25.Nf3 Ne5 26.b3 Qg6 27.Nxe5 Qg5 28.Qd3 Bd6 29.Nd7 R8f7 30.Nc5
Rf3 31.Qe2 Rxh3 32.Rd3 Bh2+ 33.Kh1 Rh4 34.Rf3 Bg3+ 35.Kg1 Rh1+
36.Kxh1 Qh4+ 37.Kg1 Qh2+ 38.Kf1 Qh1# 0-1

[Event "Ch Latvia (w)"]
[Site "Riga (Latvia)"]
[Date "2021.09.23"]
[Round "7.7"]
[White "Zubova Darja (LAT)"]
[Black "Gordievich Larisa (LAT)"]
[Result "0-1"]
[WhiteElo "1364"]
[BlackElo "1740"]
[Annotator ""]
[Source ""]
[Remark ""]

1.e4 g6 2.Nf3 Bg7 3.d4 d6 4.Be3 Bg4 5.Be2 e6 6.Qd2 h6 7.h3 Bxf3
8.Bxf3 Nd7 9.Nc3 Ne7 10.Be2 e5 11.d5 f5 12.f3 a6 13.O-O-O Nf6
14.Bd3 Qd7 15.f4 fxe4 16.Bxe4 Nxe4 17.Nxe4 exf4 18.Bd4 Bxd4 19.Qxd4
O-O-O 20.Nf6 Qf5 21.Rhe1 Rhf8 22.Re6 Nxd5 23.Qxd5 Rxf6 24.Qxf5
Rxf5 25.Rxg6 Rh8 26.Re1 Rg5 27.Rf6 Rxg2 28.Rxf4 Rh7 29.b3 Kd7
30.Rf6 Rg3 31.Rh1 Ke7 32.Rf4 Rf7 33.Re1+ Kf8 34.Rh4 Kg7 35.Re6
Rg6 36.Re3 Rgf6 37.Kb2 Rf4 38.Rh5 Kg6 39.Rd5 Rh4 40.Rdd3 Rhf4
41.a4 h5 42.Ka3 h4 43.b4 Kf6 44.Rc3 d5 45.Rc5 c6 46.b5 axb5 47.axb5
Re7 48.Rb3 Re6 49.bxc6 bxc6 50.Rbc3 Ke5 51.Kb3 Rg6 52.Rd3 Rg3
53.Rcc3 Rxd3 54.Rxd3 Ke4 55.Kb4 Rf3 56.Rd1 Rxh3 57.c3 c5+ 58.Kxc5
Rxc3+ 59.Kb4 d4 60.Rh1 h3 0-1

[Event "Ch Latvia (w)"]
[Site "Riga (Latvia)"]
[Date "2021.09.23"]
[Round "7.8"]
[White "Tolmaceva Alona (LAT)"]
[Black "Dombrovska Stefanija (LAT)"]
[Result "1/2-1/2"]
[WhiteElo "1049"]
[BlackElo "1544"]
[Annotator ""]
[Source ""]
[Remark ""]

1.e4 c5 2.Nf3 Nc6 3.d4 cxd4 4.Nxd4 Qb6 5.Nxc6 bxc6 6.Nc3 e5 7.Bc4
Ba6 8.Bb3 Nf6 9.Bg5 Be7 10.Qd2 O-O 11.O-O-O Rad8 12.Bxf6 Bxf6
13.g4 Bh4 14.f4 exf4 15.Qxf4 h6 16.Kb1 Bg5 17.Qf5 Bc8 18.h4 d5
19.Qf1 Bf6 20.g5 hxg5 21.hxg5 Bxg5 22.Qg2 Qe3 23.Rd3 Qf4 24.Ne2
Qe5 25.Rg3 f6 26.Qh2 Kf7 27.Qh5+ Ke7 28.exd5 cxd5 29.Rgg1 Be6
30.Re1 Rh8 31.Qf3 Rxh1 32.Rxh1 Qe4 33.Qf1 d4 34.Ng3 Qe5 35.Bxe6
Qxg3 36.Bb3 d3 37.Rh7 Bh6 38.Qh1 Qg6 39.Qb7+ Rd7 40.Qb4+ Rd6
41.Qb7+ Rd7 42.Qb4+ Rd6 43.Qb7+ Rd7 44.Qb4+ Rd6 45.Qb7+ Rd7 1/2-1/2

[Event "Ch Latvia (w)"]
[Site "Riga (Latvia)"]
[Date "2021.09.23"]
[Round "7.9"]
[White "Osobskaja Zinaida (LAT)"]
[Black "Maklakova Naomi (LAT)"]
[Result "1-0"]
[WhiteElo "1688"]
[BlackElo "1416"]
[Annotator ""]
[Source ""]
[Remark ""]

1.e4 e5 2.Nf3 Nc6 3.Bc4 Bc5 4.c3 Nf6 5.d4 exd4 6.e5 d5 7.Bb5
Ne4 8.cxd4 Bb4+ 9.Bd2 Nxd2 10.Nbxd2 Bd7 11.Bxc6 bxc6 12.O-O O-O
13.Nb3 Bg4 14.Qd3 Bh5 15.Rac1 Bg6 16.Qe2 Qd7 17.Nh4 Rfe8 18.Nxg6
hxg6 19.f4 Rab8 20.Rf3 Rb6 21.Rc2 Reb8 22.h3 a5 23.Nc1 Be7 24.Nd3
Qf5 25.Re3 Qe6 26.Qf2 Rf8 27.g4 g5 28.f5 Qh6 29.Kg2 f6 30.Qe1
Qh4 31.Qxa5 Rfb8 32.Qd2 Qh6 33.b3 g6 34.Qf2 Rf8 35.exf6 Bxf6
36.Re6 Qg7 37.Ne5 Bxe5 38.dxe5 gxf5 39.gxf5 g4 40.f6 gxh3+ 41.Kh2
Qg4 42.Qg3 Qxg3+ 43.Kxg3 c5 44.Re7 Rf7 45.Re8+ Kh7 46.Rxc5 c6
47.Kxh3 Kg6 48.Kg4 Rb4+ 49.Kf3 Rb6 50.Kf4 Rb4+ 51.Ke3 Kf5 52.Rxc6
d4+ 53.Kd3 Rh7 54.Rc4 Rh3+ 55.Kxd4 Rh4+ 56.Kd5 Rb5+ 57.Rc5 Rb6
58.f7 1-0

[Event "Ch Latvia (w)"]
[Site "Riga (Latvia)"]
[Date "2021.09.23"]
[Round "7.10"]
[White "Paune Inese (LAT)"]
[Black "Zalcmane Vija (LAT)"]
[Result "0-1"]
[WhiteElo "1405"]
[BlackElo "1384"]
[Annotator ""]
[Source ""]
[Remark ""]

1.e4 e5 2.Nf3 Nc6 3.Bc4 Be7 4.c3 Nf6 5.d3 d6 6.O-O O-O 7.Re1
Na5 8.Bb5 Bd7 9.Bxd7 Qxd7 10.d4 exd4 11.cxd4 Nc6 12.Nc3 a6 13.d5
Ne5 14.Nd4 Rfe8 15.f4 Ng6 16.Nf3 Nh5 17.f5 Nf8 18.g4 Nf6 19.Nd4
h6 20.Bf4 g5 21.Bg3 c5 22.Nc2 b5 23.a4 b4 24.Nb1 Qa7 25.Bf2 Qb7
26.Nd2 N8d7 27.Nc4 Bf8 28.Qf3 a5 29.Re3 Qa6 30.b3 Ne5 31.Nxe5
Rxe5 32.Rae1 c4 33.h4 cxb3 34.Nd4 Rc8 35.Nc6 Rxc6 36.dxc6 Qxc6
37.Rxb3 Qxa4 38.hxg5 hxg5 39.Bd4 Rxe4 40.Rxe4 Nxe4 41.Re3 d5
42.f6 Qc2 43.Bb6 a4 44.Re2 Qc4 45.Kg2 b3 46.Be3 Qc7 47.Bxg5 Nxg5
48.Qxd5 Ne6 49.g5 Nf4+ 0-1

[Event "Ch Latvia (w)"]
[Site "Riga (Latvia)"]
[Date "2021.09.23"]
[Round "7.11"]
[White "Maklakova Dafne (LAT)"]
[Black "Parhomenko Anastasija (LAT)"]
[Result "0-1"]
[WhiteElo "1021"]
[BlackElo "1501"]
[Annotator ""]
[Source ""]
[Remark ""]

1.e4 c5 2.c4 e6 3.d3 Nc6 4.Nc3 Nf6 5.Nf3 Be7 6.Be3 O-O 7.g3 d5
8.cxd5 exd5 9.exd5 Nxd5 10.Nxd5 Qxd5 11.Bg2 Nb4 12.d4 c4 13.O-O
Qb5 14.a4 Qd7 15.Ne5 Qc7 16.Rc1 Be6 17.Qe2 Rac8 18.Bd2 Nd5 19.Rxc4
Nf4 20.Bxf4 Bxc4 21.Nxc4 Qxc4 22.Qxe7 Qxa4 23.Be5 b6 24.Qh4 Qb5
25.Be4 f5 26.Qg5 Qd7 27.Bd5+ Kh8 28.Be6 Qb7 29.Bxf5 Ra8 30.Bd3
Qf7 31.Qh4 Qg8 32.f4 Rae8 33.Bd6 Rf6 34.Bb4 Rh6 35.Qg5 Qe6 36.f5
Qd5 37.Bc3 b5 38.b4 a5 39.bxa5 b4 40.Bd2 Qxd4+ 41.Be3 Rxe3 42.Rf2
Rxd3 43.a6 Rxa6 44.Qe7 Ra8 45.Qb7 Rd1+ 46.Kg2 Qd5+ 47.Qxd5 Rxd5
48.Rf4 Rb8 49.Rf2 b3 50.Rb2 Rc5 51.Kf3 Rc2 52.Rb1 b2 53.Re1 Rc1
54.Re2 b1Q 55.h4 Qxf5+ 56.Kg2 Qf1+ 57.Kh2 Qh1# 0-1

[Event "Ch Latvia (w)"]
[Site "Riga (Latvia)"]
[Date "2021.09.24"]
[Round "8.1"]
[White "Golsta Ramona (LAT)"]
[Black "Rogule Laura (LAT)"]
[Result "0-1"]
[WhiteElo "1738"]
[BlackElo "2286"]
[Annotator ""]
[Source ""]
[Remark ""]

1.d4 d5 2.Nf3 Nf6 3.Bg5 Ne4 4.Bf4 c5 5.c3 cxd4 6.cxd4 Qb6 7.Qc1
Nc6 8.e3 Bf5 9.Be2 g5 10.Nxg5 Nxg5 11.Bxg5 Rg8 12.Bf4 Rxg2 13.Bg3
Nb4 14.Na3 Rc8 15.Qd1 Nc2+ 16.Nxc2 Bxc2 17.Qd2 e5 18.a4 Qxb2
19.Bb5+ Rc6 20.Bxc6+ bxc6 21.Qc1 Qc3+ 22.Kf1 Rxg3 23.hxg3 Bb4
24.Kg2 exd4 25.Rh6 d3 26.Ra2 d2 27.Qxc2 Qxc2 28.Rxc2 d1Q 29.Rhxc6
Kf8 30.Rc7 a5 31.R2c6 Qxa4 32.Rf6 Qe8 33.Kf3 Kg7 0-1

[Event "Ch Latvia (w)"]
[Site "Riga (Latvia)"]
[Date "2021.09.24"]
[Round "8.2"]
[White "Ter-Avetisjana Agnesa Stepania (LAT)"]
[Black "Parhomenko Margarita (LAT)"]
[Result "1/2-1/2"]
[WhiteElo "1872"]
[BlackElo "1935"]
[Annotator ""]
[Source ""]
[Remark ""]

1.e4 d5 2.exd5 Qxd5 3.Nc3 Qa5 4.d4 Nf6 5.Nf3 Bg4 6.h3 Bh5 7.g4
Bg6 8.Bd3 c6 9.Ne5 Nbd7 10.Nc4 Qc7 11.Bxg6 hxg6 12.Qf3 Nd5 13.Nxd5
cxd5 14.Qxd5 e6 15.Qb5 a6 16.Qb3 Qc6 17.O-O Rc8 18.Ne5 Nxe5 19.dxe5
Qxc2 20.Qf3 Bc5 21.Be3 Qxb2 22.Rac1 Qxe5 23.Rfe1 Qd6 24.Red1
Qb6 25.Kg2 O-O 26.Rb1 Qc6 27.Bxc5 Qxc5 28.Rxb7 Rc7 29.Rd7 Rxd7
30.Rxd7 e5 31.Qd5 Qb5 32.Qxb5 axb5 33.Rd5 Ra8 34.Rxb5 f6 35.Rb2
Ra3 36.Rb8+ Kh7 37.Rb2 g5 38.f3 Kg6 39.Rc2 Ra7 40.Kf2 Kf7 41.Kg3
g6 42.Rb2 Ra6 43.h4 gxh4+ 44.Kxh4 Ke6 45.Kg3 f5 46.Kh4 Kf6 47.Kg3
fxg4 48.Kxg4 Ra4+ 49.Kg3 Kf5 50.Rc2 g5 51.Rb2 Ra3 52.Kf2 g4 53.fxg4+
Kxg4 54.Ke2 e4 55.Rb3 Rxa2+ 56.Ke3 Ra4 57.Rb5 Rc4 58.Re5 Rb4
59.Rxe4+ Rxe4+ 60.Kxe4 1/2-1/2

[Event "Ch Latvia (w)"]
[Site "Riga (Latvia)"]
[Date "2021.09.24"]
[Round "8.3"]
[White "Golsta Madara (LAT)"]
[Black "Kuznecova Marija (LAT)"]
[Result "1-0"]
[WhiteElo "1967"]
[BlackElo "1793"]
[Annotator ""]
[Source ""]
[Remark ""]

1.e4 c5 2.Nf3 d6 3.d4 cxd4 4.Nxd4 Nf6 5.Nc3 a6 6.Bd3 e5 7.Nde2
Be7 8.O-O O-O 9.Ng3 Bg4 10.f3 Be6 11.Nd5 Bxd5 12.exd5 Nxd5 13.Bxh7+
Kxh7 14.Qxd5 Qb6+ 15.Kh1 Qb5 16.Qd1 f5 17.b3 Nc6 18.c4 Qb6 19.f4
g6 20.fxe5 dxe5 21.Bb2 Rad8 22.Qe2 Bc5 23.Nxf5 gxf5 24.Qh5+ Kg7
25.Qg5+ Kh7 26.Rf3 1-0

[Event "Ch Latvia (w)"]
[Site "Riga (Latvia)"]
[Date "2021.09.24"]
[Round "8.4"]
[White "Ungure Liga (LAT)"]
[Black "Kazmerika Anna (LAT)"]
[Result "1-0"]
[WhiteElo "1194"]
[BlackElo "1851"]
[Annotator ""]
[Source ""]
[Remark ""]

1.e4 e5 2.Nf3 Nc6 3.Bb5 Nf6 4.O-O Nxe4 5.Re1 Nd6 6.a4 Be7 7.Nc3
Nxb5 8.axb5 Nd4 9.Nxd4 d6 10.Nf3 O-O 11.d4 exd4 12.Nd5 Bf6 13.Nxd4
Bd7 14.c4 c6 15.bxc6 bxc6 16.Nxf6+ Qxf6 17.Be3 Rfb8 18.Qf3 Qxf3
19.Nxf3 Rxb2 20.Rxa7 Rxa7 21.Bxa7 Rc2 22.Bb8 h6 23.Bxd6 Rxc4
24.Ne5 Rd4 25.Nxd7 Rxd6 26.Ne5 c5 27.h4 h5 28.Kf1 f6 29.Ng6 Kf7
30.Nf4 g6 31.Rc1 Rc6 32.Rc4 Kg7 33.Nd3 g5 34.Rxc5 Rxc5 35.Nxc5
gxh4 36.Kg1 Kg6 37.Kh2 1-0

[Event "Ch Latvia (w)"]
[Site "Riga (Latvia)"]
[Date "2021.09.24"]
[Round "8.5"]
[White "Dombrovska Stefanija (LAT)"]
[Black "Maklakova Nellija (LAT)"]
[Result "0-1"]
[WhiteElo "1544"]
[BlackElo "1816"]
[Annotator ""]
[Source ""]
[Remark ""]

1.Nf3 b6 2.e4 Bb7 3.Nc3 g6 4.d4 Bg7 5.Be2 c5 6.d5 d6 7.Bd2 Nd7
8.O-O Ngf6 9.h3 O-O 10.Qc1 a6 11.a4 e6 12.dxe6 fxe6 13.Bd3 Qc7
14.Bc4 d5 15.exd5 exd5 16.Ba2 Kh8 17.Ng5 d4 18.Ne2 Qc6 19.f3
Nd5 20.c4 N5f6 21.Bb1 Rae8 22.Ng3 b5 23.axb5 axb5 24.N5e4 b4
25.Bf4 Ne5 26.Ra5 Nfd7 27.b3 Ra8 28.Rxa8 Rxa8 29.Bh6 Ra3 30.Bxg7+
Kxg7 31.Qg5 Nf7 32.Nf5+ Kg8 33.Nh6+ Nxh6 34.Qxh6 Rxb3 35.Ng5
Nf8 36.Be4 Qd7 37.h4 d3 38.h5 d2 39.Bxb7 Qxb7 40.Ne4 Qf7 41.hxg6
hxg6 42.Nxd2 Rd3 43.Rb1 Rd4 44.Rc1 Qf5 45.Qe3 Rd3 46.Qf2 Qf4
47.Rd1 b3 48.g3 Qd6 49.Kf1 b2 50.Ke1 Qe5+ 51.Kf1 Qc3 52.Qe2 Rxd2
53.Rxd2 b1Q+ 54.Kg2 Qcc1 0-1

[Event "Ch Latvia (w)"]
[Site "Riga (Latvia)"]
[Date "2021.09.24"]
[Round "8.6"]
[White "Parhomenko Anastasija (LAT)"]
[Black "Gordievich Larisa (LAT)"]
[Result "1/2-1/2"]
[WhiteElo "1501"]
[BlackElo "1740"]
[Annotator ""]
[Source ""]
[Remark ""]

1.e4 d5 2.exd5 Qxd5 3.Nf3 Nf6 4.d4 Bf5 5.Bg5 e6 6.Nc3 Qa5 7.Bd3
Bxd3 8.Qxd3 Bb4 9.Qb5+ c6 10.Qxa5 Bxa5 11.O-O Bxc3 12.bxc3 Nbd7
13.Bxf6 Nxf6 14.Rab1 Rb8 15.c4 O-O 16.Ne5 Rfd8 17.Rfd1 Nd7 18.Nxd7
Rxd7 19.g4 Rbd8 20.h3 Rxd4 21.Rxd4 Rxd4 22.Rxb7 Kf8 23.Rxa7 Rxc4
24.Kf1 Rxc2 25.Rc7 Rxa2 26.Rxc6 g6 27.Kg2 Kg7 28.Kg3 h5 29.gxh5
gxh5 30.Rc5 f5 31.Re5 Ra3+ 32.Re3 Rxe3+ 33.fxe3 e5 34.Kf3 f4
35.exf4 exf4 36.Kxf4 h4 37.Kg4 Kg6 38.Kxh4 Kh6 39.Kg4 Kg6 40.h4
Kh6 41.Kf5 Kh5 42.Ke5 Kxh4 1/2-1/2

[Event "Ch Latvia (w)"]
[Site "Riga (Latvia)"]
[Date "2021.09.24"]
[Round "8.7"]
[White "Osobskaja Zinaida (LAT)"]
[Black "Krasilnikova Marija (LAT)"]
[Result "1/2-1/2"]
[WhiteElo "1688"]
[BlackElo "1201"]
[Annotator ""]
[Source ""]
[Remark ""]

1.e4 d5 2.exd5 Qxd5 3.Nc3 Qa5 4.d4 c6 5.Nf3 Bg4 6.Be3 e6 7.a3
Nf6 8.b4 Qc7 9.Be2 a6 10.Ne5 Bxe2 11.Qxe2 Nbd7 12.f4 Be7 13.O-O
O-O 14.Qf3 Nd5 15.Nxd7 Qxd7 16.Ne4 Nxe3 17.Qxe3 a5 18.c3 h6 19.Nf2
Qd5 20.Ne4 b6 1/2-1/2